Del mestizaje a la hibridación corporal: la etnocirugía como forma de racismo /

שמור ב:
מידע ביבליוגרפי
מחבר ראשי: Muñiz, Elsa
פורמט: Texto
תגים: הוספת תג
אין תגיות, היה/י הראשונ/ה לתייג את הרשומה!

MARC

LEADER 00000 a a2200000 04500
001 46645
003
040
100 |a Muñiz, Elsa  
245 |a Del mestizaje a la hibridación corporal:   |b la etnocirugía como forma de racismo /  |c Elsa Muñiz  
773 |g número38 ( , 2013), páginas 81-97  
999 |c 30579  |d 30579